<?xml version="1.0" encoding="UTF-8"?>
<collection xmlns="http://www.loc.gov/MARC21/slim">
<record>
  <controlfield tag="001">165367</controlfield>
  <controlfield tag="005">20260107201858.0</controlfield>
  <datafield tag="024" ind1="7" ind2=" ">
    <subfield code="2">doi</subfield>
    <subfield code="a">10.25100/prts.v0i41.15159</subfield>
  </datafield>
  <datafield tag="024" ind1="8" ind2=" ">
    <subfield code="2">sideral</subfield>
    <subfield code="a">147122</subfield>
  </datafield>
  <datafield tag="037" ind1=" " ind2=" ">
    <subfield code="a">ART-2026-147122</subfield>
  </datafield>
  <datafield tag="041" ind1=" " ind2=" ">
    <subfield code="a">spa</subfield>
  </datafield>
  <datafield tag="100" ind1=" " ind2=" ">
    <subfield code="a">Bermejo Malumbres, Eloy</subfield>
    <subfield code="u">Universidad de Zaragoza</subfield>
    <subfield code="0">(orcid)0000-0003-2614-6641</subfield>
  </datafield>
  <datafield tag="245" ind1=" " ind2=" ">
    <subfield code="a">Impacto de los juegos tradicionales en la inclusión social de menores migrantes en Tudela-Navarra, España</subfield>
  </datafield>
  <datafield tag="260" ind1=" " ind2=" ">
    <subfield code="c">2026</subfield>
  </datafield>
  <datafield tag="520" ind1="3" ind2=" ">
    <subfield code="a">Este  estudio  analiza  el  impacto  de  una  intervención  basada  en  juegos  tradicionales  sobre  la  inclusión social y la cohesión cultural de menores migrantes residentes en un centro de acogida. El objetivo fue evaluar en qué medida la práctica guiada de juegos tradicionales favorece la interacción, el  sentido  de  pertenencia  y  el  conocimiento  cultural  en  contextos  de  diversidad.  La  metodología  empleada fue un diseño cuasi-experimental con mediciones pre y post sin grupo control, desarrollado en un centro gestionado por Cruz Roja en Tudela, con la participación de 13 menores migrantes de entre 6 y 17 años. Los instrumentos de recolección de datos incluyeron cuestionarios estandarizados, observación participante y una lista de cotejo estructurada y orientada a registrar comportamientos de   colaboración,   comunicación   y   respeto   de   normas.   Los   resultados   mostraron   una   mejora   significativa en la calidad de las relaciones sociales y en la cohesión grupal, especialmente en menores con baja interacción inicial. Asimismo, se observó un incremento en el conocimiento de las tradiciones y  juegos  españoles  y  una  participación  más  activa  en  actividades  al  aire  libre.  No  obstante,  la  participación familiar fue limitada, lo que representa un área de mejora futura.  A pesar del tamaño reducido de la muestra, los resultados sugieren que estas intervenciones son eficaces y aplicables en otros  contextos  interculturales,  por  lo  que  se  recomienda  integrar  los  juegos  tradicionales  como  recurso educativo para fomentar la inclusión y mejorar la convivencia en entornos diversos.</subfield>
  </datafield>
  <datafield tag="506" ind1="0" ind2=" ">
    <subfield code="a">Access copy available to the general public</subfield>
    <subfield code="f">Unrestricted</subfield>
  </datafield>
  <datafield tag="540" ind1=" " ind2=" ">
    <subfield code="9">info:eu-repo/semantics/openAccess</subfield>
    <subfield code="a">by-nc-sa</subfield>
    <subfield code="u">https://creativecommons.org/licenses/by-nc-sa/4.0/deed.es</subfield>
  </datafield>
  <datafield tag="655" ind1=" " ind2="4">
    <subfield code="a">info:eu-repo/semantics/article</subfield>
    <subfield code="v">info:eu-repo/semantics/publishedVersion</subfield>
  </datafield>
  <datafield tag="700" ind1=" " ind2=" ">
    <subfield code="a">Lapeña Antón, Alba</subfield>
  </datafield>
  <datafield tag="710" ind1="2" ind2=" ">
    <subfield code="1">4013</subfield>
    <subfield code="2">210</subfield>
    <subfield code="a">Universidad de Zaragoza</subfield>
    <subfield code="b">Dpto. Didácticas Específicas</subfield>
    <subfield code="c">Área Didáctica Ciencias Socia.</subfield>
  </datafield>
  <datafield tag="773" ind1=" " ind2=" ">
    <subfield code="g">41 (2026), [24 pp.]</subfield>
    <subfield code="p">Prospectiva</subfield>
    <subfield code="t">Prospectiva</subfield>
    <subfield code="x">0122-1213</subfield>
  </datafield>
  <datafield tag="856" ind1="4" ind2=" ">
    <subfield code="s">529416</subfield>
    <subfield code="u">http://zaguan.unizar.es/record/165367/files/texto_completo.pdf</subfield>
    <subfield code="y">Versión publicada</subfield>
  </datafield>
  <datafield tag="856" ind1="4" ind2=" ">
    <subfield code="s">2113430</subfield>
    <subfield code="u">http://zaguan.unizar.es/record/165367/files/texto_completo.jpg?subformat=icon</subfield>
    <subfield code="x">icon</subfield>
    <subfield code="y">Versión publicada</subfield>
  </datafield>
  <datafield tag="909" ind1="C" ind2="O">
    <subfield code="o">oai:zaguan.unizar.es:165367</subfield>
    <subfield code="p">articulos</subfield>
    <subfield code="p">driver</subfield>
  </datafield>
  <datafield tag="951" ind1=" " ind2=" ">
    <subfield code="a">2026-01-07-18:53:15</subfield>
  </datafield>
  <datafield tag="980" ind1=" " ind2=" ">
    <subfield code="a">ARTICLE</subfield>
  </datafield>
</record>
</collection>